Statistics for 日本の都道府県-ローマ字マッチングゲーム

Click here to take the quiz!

General Stats

  • This quiz has been taken 25 times
  • The average score is 43 of 47

Answer Stats

HintAnswer% Correct
岡山Okayama
100%
島根Shimane
100%
和歌山Wakayama
100%
山口Yamaguchi
100%
秋田Akita
96%
福島Fukushima
96%
広島Hiroshima
96%
北海道Hokkaidō
96%
石川Ishikawa
96%
三重Mie
96%
宮城Miyagi
96%
沖縄Okinawa
96%
愛知Aichi
92%
千葉Chiba
92%
福井Fukui
92%
香川Kagawa
92%
神奈川Kanagawa
92%
高知Kōchi
92%
京都Kyōto
92%
宮崎Miyazaki
92%
長野Nagano
92%
長崎Nagasaki
92%
大分Ōita
92%
佐賀Saga
92%
静岡Shizuoka
92%
栃木Tochigi
92%
徳島Tokushima
92%
東京Tōkyō
92%
富山Toyama
92%
山形Yamagata
92%
青森Aomori
88%
愛媛Ehime
88%
福岡Fukuoka
88%
岐阜Gifu
88%
群馬Gunma
88%
兵庫Hyōgo
88%
茨城Ibaraki
88%
岩手Iwate
88%
鹿児島Kagoshima
88%
熊本Kumamoto
88%
奈良Nara
88%
新潟Niigata
88%
大阪Ōsaka
88%
埼玉Saitama
88%
滋賀Shiga
88%
鳥取Tottori
88%
山梨Yamanashi
88%

Score Distribution

Percentile by Number Answered

Percent of People with Each Score

Your Score History

You have not taken this quiz